000 00523nam a2200181Ia 4500
008 230524s9999 xx 000 0 und d
020 _a9788131723241
082 _a6.3
_bKAR
100 _aFakhreddine O.Karry
_945357
245 0 _a"Soft Computing and Intelligent Systems Design:Theory,Tools and Applications"
250 _a1
260 _aUttar Pradesh
_bPearson
300 _a"XXIV,560p;"
500 _aQuantity Number: 70
650 _acomputer science
_945358
700 _aClarence de Silva
_945359
942 _cBK
999 _c60075
_d60075